Regionálny marketing a jeho špecifiká diplomová práca

Gespeichert in:
Bibliographische Detailangaben
1. Verfasser: Hudecová, Martina
Körperschaft: Podnikovohospodárska fakulta EU so sídlom v Košiciach. Katedra marketingu a obchodu
Weitere Verfasser: Lieskovská, Vanda, 1961-
Format: Buch
Sprache:Slowakisch
Veröffentlicht: Košice 2009
Tags: Tag hinzufügen
Keine Tags, Fügen Sie das erste Tag hinzu!

MARC

LEADER 00000nam$a2200000$$$4500
001 0099198
005 20240319131820.2
041 0 |a slo 
044 |a SK 
245 1 0 |a Regionálny marketing a jeho špecifiká  |b diplomová práca  |c Martina Hudecová ; škol. Vanda Lieskovská 
264 1 |a Košice  |c 2009 
300 |a 127 s. 
100 1 |a Hudecová, Martina 
700 1 |a Lieskovská, Vanda, 1961- 
710 2 |a Podnikovohospodárska fakulta EU so sídlom v Košiciach. Katedra marketingu a obchodu